[Event "Nova Maraba op 5th"]
[Site "Nova Maraba"]
[Date "2022.06.26"]
[Round "6"]
[White "Santiago, Bruno Majorico Frei"]
[Black "Correa, Lorenna Martins"]
[Result "1-0"]
[WhiteElo "2160"]
[BlackElo "1641"]
[PlyCount "55"]
[EventDate "2022.06.24"]
[EventType "swiss"]
[EventRounds "6"]
[EventCountry "BRA"]
[SourceTitle "EXT 2023"]
[Source "ChessBase"]
[SourceDate "2022.10.05"]
[SourceVersion "1"]
[SourceVersionDate "2022.10.05"]
[SourceQuality "1"]

1. Nf3 Nf6 2. c4 d5 3. d4 dxc4 4. e3 e6 5. Bxc4 c5 6. 0-0 Nc6 7. Qe2 cxd4 8. Rd1 Be7 9. exd4 0-0 10. Nc3 Nb4 11. Ne5 Nbd5 12. Bd3 h6 13. Qf3 Nxc3 14. bxc3 Nd5 15. Bc2 Bg5 16. Ba3 Be7 17. Bb2 Nf6 18. Bc1 Qd5 19. Qd3 b6 20. c4 Qd6 21. Ng4 g6 22. Nxf6+ Bxf6 23. Qf3 Qe7 24. Qxa8 Bb7 25. Qxa7 Ra8 26. Qxb6 Ra6 27. Qb3 Rd6 28. Ba3 1-0

[Event "Goiania-ch U2200"]
[Site "Goiania"]
[Date "2017.11.26"]
[Round "4.3"]
[White "Correa, Lorenna Martins"]
[Black "Juliani, Sidney"]
[Result "0-1"]
[WhiteElo "1646"]
[BlackElo "1836"]
[PlyCount "102"]
[EventDate "2017.11.25"]
[EventType "tourn"]
[EventRounds "9"]
[EventCountry "BRA"]
[SourceTitle "EXT 2022"]
[Source "ChessBase"]
[SourceDate "2021.10.06"]
[SourceVersion "1"]
[SourceVersionDate "2021.10.06"]
[SourceQuality "1"]

1. d4 Nf6 2. c4 e6 3. Nc3 Bb4 4. e3 0-0 5. Bd3 c5 6. Nge2 Nc6 7. 0-0 cxd4 8. exd4 b6 9. Bf4 Nh5 10. Be3 f5 11. f4 d5 12. cxd5 exd5 13. Rc1 Kh8 14. Rf3 Nf6 15. h3 Ne4 16. Bb5 Ne7 17. a3 Bd6 18. Qe1 Bd7 19. Bxd7 Qxd7 20. Ng3 Rac8 21. Nce2 Rxc1 22. Nxc1 Rc8 23. Qe2 Qa4 24. Nd3 Rc2 25. Qe1 Qc4 26. Ne5 Qc7 27. Nf7+ Kg8 28. Nxd6 Qxd6 29. Nxe4 dxe4 30. Rf2 Qc6 31. Rxc2 Qxc2 32. Qd2 Qxd2 33. Bxd2 Kf7 34. Kf2 Ke6 35. Ke2 Kd5 36. Bc3 Kc4 37. g3 Nd5 38. Kd2 a5 39. Ke2 a4 40. Kd2 b5 41. g4 g6 42. gxf5 gxf5 43. h4 Nxf4 44. h5 Nd5 45. Ke2 f4 46. Kd2 f3 47. Ke1 e3 48. Kf1 Ne7 49. Ke1 Nf5 50. Kf1 Ng3+ 51. Kg1 f2+ 0-1

[Event "Goiania-ch U2200"]
[Site "Goiania"]
[Date "2017.11.25"]
[Round "1.2"]
[White "Rosa, Paulo Estevao"]
[Black "Correa, Lorenna Martins"]
[Result "1-0"]
[WhiteElo "1883"]
[BlackElo "1646"]
[PlyCount "103"]
[EventDate "2017.11.25"]
[EventType "tourn"]
[EventRounds "9"]
[EventCountry "BRA"]
[SourceTitle "EXT 2022"]
[Source "ChessBase"]
[SourceDate "2021.10.06"]
[SourceVersion "1"]
[SourceVersionDate "2021.10.06"]
[SourceQuality "1"]

1. b3 d5 2. Bb2 e6 3. Nf3 Nf6 4. e3 c5 5. c4 Be7 6. d4 Nc6 7. cxd5 Nxd5 8. Be2 Qa5+ 9. Qd2 Qxd2+ 10. Nbxd2 Ncb4 11. 0-0 0-0 12. Ne4 cxd4 13. Nxd4 Bd7 14. a3 Nc6 15. Rfd1 Nxd4 16. Bxd4 Bc6 17. Nd2 Bf6 18. Bxf6 Nxf6 19. Nc4 Bd5 20. b4 Ne4 21. Rac1 Rfd8 22. f3 Nf6 23. e4 Bc6 24. Na5 Rxd1+ 25. Bxd1 Rc8 26. Nxc6 bxc6 27. Ba4 Nd7 28. Rxc6 Rxc6 29. Bxc6 Ne5 30. Bb5 Kf8 31. Kf2 Ke7 32. Ke3 Kd6 33. Kd4 f6 34. Be8 g5 35. Bb5 h6 36. h3 Nf7 37. Be8 Ne5 38. a4 Kc7 39. Bb5 Kb6 40. Bc4 Nc6+ 41. Kc3 e5 42. Bd3 a5 43. bxa5+ Kxa5 44. Bb5 Nd4 45. Kc4 h5 46. Kd5 h4 47. Kd6 Kb6 48. Ke7 f5 49. Kf6 Nxf3 50. gxf3 g4 51. hxg4 fxg4 52. Bf1 1-0

[Event "Goiania FEXEG Cup"]
[Site "Goiania"]
[Date "2017.10.28"]
[Round "4"]
[White "Santos, Luciano da Silva"]
[Black "Correa, Lorenna Martins"]
[Result "1/2-1/2"]
[WhiteElo "1942"]
[BlackElo "1625"]
[PlyCount "79"]
[EventDate "2017.10.27"]
[EventType "swiss"]
[EventRounds "6"]
[EventCountry "BRA"]
[SourceTitle "CBM 181 Extra"]
[Source "ChessBase"]
[SourceDate "2017.12.12"]
[SourceVersion "1"]
[SourceVersionDate "2017.12.12"]
[SourceQuality "1"]

1. e4 e5 2. Nf3 Nc6 3. d4 exd4 4. Nxd4 Bc5 5. Nb3 Bb6 6. Qe2 Qf6 7. Nc3 Nd4 8. Nxd4 Bxd4 9. Nd5 Qc6 10. c3 Be5 11. f4 Bd6 12. Be3 Ne7 13. 0-0-0 a6 14. Kb1 0-0 15. g3 Bc5 16. Nxe7+ Bxe7 17. Bg2 Qb5 18. c4 Qg5 19. Bd4 d6 20. Rhe1 Be6 21. b3 Qa5 22. Qb2 f6 23. Bf3 c5 24. Bc3 Qc7 25. g4 Rab8 26. Qe2 b5 27. cxb5 axb5 28. e5 dxe5 29. fxe5 Bf7 30. Be4 b4 31. Bb2 c4 32. bxc4 Qxc4 33. Qxc4 Bxc4 34. Rd4 Bf7 35. Rd7 Rfe8 36. Bc2 b3 37. Bxb3 Bxb3 38. axb3 Rxb3 39. Kc2 Rbb8 40. Bd4 1/2-1/2

[Event "Goiania zt"]
[Site "Goiania"]
[Date "2017.08.18"]
[Round "2"]
[White "De Miranda, Daniele Correa"]
[Black "Correa, Lorenna Martins"]
[Result "0-1"]
[WhiteElo "1187"]
[BlackElo "1636"]
[PlyCount "70"]
[EventDate "2017.08.18"]
[EventType "swiss"]
[EventRounds "6"]
[EventCountry "BRA"]
[SourceTitle "CBM 180 Extra"]
[Source "ChessBase"]
[SourceDate "2017.10.06"]
[SourceVersion "1"]
[SourceVersionDate "2017.10.06"]
[SourceQuality "1"]

1. d4 d5 2. c4 dxc4 3. e3 Nf6 4. Nf3 e6 5. Bxc4 c5 6. Nc3 Nc6 7. 0-0 a6 8. Ne5 cxd4 9. exd4 Nb4 10. a3 Nbd5 11. Bd2 Be7 12. Rc1 0-0 13. Ba2 Qb6 14. Ne2 Qxb2 15. Bb3 b5 16. Ra1 Ne4 17. Bc1 Qxa1 18. Qc2 Bxa3 19. g3 Nef6 20. Qc6 Rb8 21. Nf4 Bxc1 22. Nxd5 Nxd5 23. Bxd5 exd5 24. Qxd5 Qc3 25. Nc6 Rb7 26. Qd6 Ba3 27. Qe5 Qxc6 28. d5 Qd6 29. Qd4 Bh3 30. Re1 Rd7 31. Qd3 Qxd5 32. Qxd5 Rxd5 33. Ra1 Rfd8 34. Kh1 Rd1+ 35. Rxd1 Rxd1# 0-1

[Event "Brasilia Viva op"]
[Site "Brasilia"]
[Date "2017.05.01"]
[Round "7"]
[White "Correa, Lorenna Martins"]
[Black "Tufenkjian, Victor Piemonte"]
[Result "1-0"]
[WhiteElo "1625"]
[BlackElo "1808"]
[PlyCount "29"]
[EventDate "2017.04.28"]
[EventType "swiss"]
[EventRounds "7"]
[EventCountry "BRA"]
[SourceTitle "CBM 178 Extra"]
[Source "ChessBase"]
[SourceDate "2017.06.22"]
[SourceVersion "1"]
[SourceVersionDate "2017.06.22"]
[SourceQuality "1"]

1. d4 Nf6 2. c4 g6 3. Nc3 Bg7 4. e4 d6 5. Nf3 Nbd7 6. Be2 c5 7. d5 0-0 8. 0-0 Re8 9. Qc2 Nb6 10. Rd1 e6 11. e5 dxe5 12. dxe6 Qe7 13. exf7+ Qxf7 14. Nb5 Be6 15. Nd6 1-0

[Event "Goiania-ch Etapa 03"]
[Site "Goiania"]
[Date "2016.08.26"]
[Round "2.4"]
[White "Barquette, Edson Tadeu Rodrigu"]
[Black "Correa, Lorenna Martins"]
[Result "0-1"]
[WhiteElo "1674"]
[BlackElo "1610"]
[PlyCount "92"]
[EventDate "2016.08.26"]
[EventType "swiss"]
[EventRounds "6"]
[EventCountry "BRA"]
[SourceTitle "EXT 2022"]
[Source "ChessBase"]
[SourceDate "2021.10.06"]
[SourceVersion "1"]
[SourceVersionDate "2021.10.06"]
[SourceQuality "1"]

1. d4 d5 2. c4 dxc4 3. Nc3 Nf6 4. Nf3 Bf5 5. Bg5 e6 6. e4 Bxe4 7. Nxe4 Bb4+ 8. Nc3 b5 9. Be2 h6 10. Bd2 c6 11. 0-0 Nbd7 12. Ne5 Nxe5 13. dxe5 Nd5 14. Nxd5 Bxd2 15. Qxd2 cxd5 16. Rad1 0-0 17. f4 Qb6+ 18. Kh1 Rad8 19. Qd4 Qxd4 20. Rxd4 b4 21. Rfd1 Rc8 22. f5 a5 23. Bg4 Rc6 24. Rc1 Rb8 25. Kg1 a4 26. fxe6 fxe6 27. Bd1 Ra6 28. Kf2 Rf8+ 29. Ke3 Rf5 30. g4 Rxe5+ 31. Kd2 Ra8 32. b3 axb3 33. axb3 Ra2+ 34. Bc2 cxb3 35. Rxb4 Rxc2+ 36. Rxc2 bxc2 37. Kxc2 Re2+ 38. Kd3 Rxh2 39. Kd4 Re2 40. Kd3 Re5 41. Rf4 g5 42. Ra4 Kg7 43. Ra7+ Kg6 44. Ra4 h5 45. gxh5+ Kxh5 46. Ra1 Re4 0-1

[Event "Goiania Gomes Memorial"]
[Site "Goiania"]
[Date "2015.12.06"]
[Round "9"]
[White "Rocha, Arthur Ferreira"]
[Black "Correa, Lorenna Martins"]
[Result "0-1"]
[WhiteElo "1933"]
[BlackElo "1624"]
[PlyCount "100"]
[EventDate "2015.11.28"]
[EventType "tourn"]
[EventRounds "9"]
[EventCountry "BRA"]
[SourceTitle "CBM 170 Extra"]
[Source "ChessBase"]
[SourceDate "2016.02.25"]
[SourceVersion "1"]
[SourceVersionDate "2016.02.25"]
[SourceQuality "1"]

1. e4 e5 2. Nf3 Nc6 3. Bc4 Bc5 4. b4 Bxb4 5. c3 Be7 6. d4 Na5 7. Qa4 Nxc4 8. Qxc4 exd4 9. Ne5 d5 10. exd5 Bd6 11. 0-0 Ne7 12. Qa4+ Bd7 13. Nxd7 Qxd7 14. Qxd4 0-0 15. c4 Qf5 16. Bb2 f6 17. f4 b6 18. Kh1 Ng6 19. Nc3 Rae8 20. Qd1 Re3 21. Nb5 Bxf4 22. Nxc7 Qe4 23. d6 Re2 24. Qd5+ Qxd5 25. Nxd5 Bxd6 26. Bc3 Be5 27. Rae1 Rxa2 28. Bxe5 fxe5 29. h4 Rxf1+ 30. Rxf1 h5 31. Rf5 Ra4 32. Rxh5 Rxc4 33. g3 Rc5 34. Ne3 e4 35. Rxc5 bxc5 36. Kg2 Ne5 37. Kf2 Kf7 38. Nf5 Nc4 39. Ne3 Nd6 40. Ke2 Ke6 41. h5 a5 42. Kd2 a4 43. Kc3 Nf5 44. Nf1 e3 45. Kd3 a3 46. g4 c4+ 47. Kc2 Nd4+ 48. Kc3 e2 49. Ne3 e1Q+ 50. Kxd4 Qxe3+ 0-1

[Event "Goiania Gomes Memorial"]
[Site "Goiania"]
[Date "2015.12.04"]
[Round "5"]
[White "De Moura, Valderi Nascimento"]
[Black "Correa, Lorenna Martins"]
[Result "1-0"]
[WhiteElo "1777"]
[BlackElo "1624"]
[PlyCount "115"]
[EventDate "2015.11.28"]
[EventType "tourn"]
[EventRounds "9"]
[EventCountry "BRA"]
[SourceTitle "CBM 170 Extra"]
[Source "ChessBase"]
[SourceDate "2016.02.25"]
[SourceVersion "1"]
[SourceVersionDate "2016.02.25"]
[SourceQuality "1"]

1. e4 e5 2. Nf3 Nc6 3. Bb5 a6 4. Bxc6 dxc6 5. Nc3 Bg4 6. b3 Bd6 7. Bb2 Qd7 8. d3 0-0-0 9. Qd2 Bxf3 10. gxf3 Ne7 11. Qe3 c5 12. Na4 b6 13. Qe2 Kb7 14. f4 Nc6 15. 0-0-0 Nd4 16. Bxd4 exd4 17. e5 Be7 18. Rhg1 g6 19. Nb2 b5 20. Qf3+ Qc6 21. Qh3 Qe6 22. Qg2+ Qd5 23. f3 Qe6 24. Rde1 Bh4 25. Re2 Rhe8 26. Re4 Kb6 27. f5 Qe7 28. f6 Bxf6 29. exf6 Qxf6 30. Rge1 Rxe4 31. Rxe4 Qd6 32. Qe2 Rd7 33. h4 h5 34. a4 c6 35. f4 Qf6 36. Qe1 Qd6 37. a5+ Kc7 38. Kb1 Qf6 39. Qg3 Re7 40. f5+ Kd7 41. Rxe7+ Qxe7 42. fxg6 fxg6 43. Nd1 c4 44. dxc4 bxc4 45. bxc4 Qb4+ 46. Nb2 Qxa5 47. Nd3 Ke7 48. Qxg6 Kd7 49. Qg7+ Ke6 50. Nf4+ Kd6 51. Qxd4+ Ke7 52. Qe4+ Kd7 53. Qe6+ Kc7 54. Qe7+ Kb6 55. c5+ Kb5 56. Nd3 Qa4 57. Qb7+ Kc4 58. Nb2+ 1-0

[Event "Goiania Gomes Memorial"]
[Site "Goiania"]
[Date "2015.11.29"]
[Round "4"]
[White "Correa, Lorenna Martins"]
[Black "Rocha, Wesley Rodrigues"]
[Result "0-1"]
[WhiteElo "1624"]
[BlackElo "1702"]
[PlyCount "78"]
[EventDate "2015.11.28"]
[EventType "tourn"]
[EventRounds "9"]
[EventCountry "BRA"]
[SourceTitle "CBM 170 Extra"]
[Source "ChessBase"]
[SourceDate "2016.02.25"]
[SourceVersion "1"]
[SourceVersionDate "2016.02.25"]
[SourceQuality "1"]

1. d4 e6 2. c4 d5 3. Nc3 Nf6 4. Bg5 Be7 5. Nf3 0-0 6. e3 dxc4 7. Bxc4 Nd5 8. Bxe7 Nxe7 9. 0-0 Nbc6 10. Bd3 Ng6 11. a3 Bd7 12. Rc1 Nce7 13. h4 Nc6 14. h5 Nh4 15. Ne4 Nxf3+ 16. Qxf3 f5 17. Nc5 Bc8 18. Bc4 Rf6 19. d5 exd5 20. Bxd5+ Kh8 21. Rfd1 Rd6 22. Be6 Ne5 23. Qe2 b6 24. Bxc8 Qxc8 25. Na6 Rxd1+ 26. Rxd1 c6 27. Nb4 a5 28. Nd3 Qa6 29. Qc2 Nxd3 30. Rxd3 Qc8 31. Rd6 Qf8 32. Rxc6 Rb8 33. Qc3 h6 34. Rc7 Re8 35. Qd4 Re4 36. Qxb6 Qd8 37. Qc6 Qd1+ 38. Kh2 Rh4+ 39. Kg3 Qg4# 0-1

[Event "Brasilia Centro Oeste-ch"]
[Site "Brasilia"]
[Date "2015.05.15"]
[Round "6"]
[White "Rabelo, Jose Carlos Vargas"]
[Black "Correa, Lorenna Martins"]
[Result "1-0"]
[WhiteElo "1530"]
[BlackElo "1648"]
[PlyCount "123"]
[EventDate "2015.05.15"]
[EventType "swiss"]
[EventRounds "6"]
[EventCountry "BRA"]
[SourceTitle "CBM 166 Extra"]
[Source "ChessBase"]
[SourceDate "2015.06.18"]
[SourceVersion "1"]
[SourceVersionDate "2015.06.18"]
[SourceQuality "1"]

1. d4 d5 2. Nf3 Nf6 3. Bg5 e6 4. c4 Be7 5. Nc3 c5 6. dxc5 Nc6 7. cxd5 exd5 8. e3 0-0 9. Be2 Ne4 10. Bxe7 Nxe7 11. Nxe4 dxe4 12. Qxd8 Rxd8 13. Nd4 Bd7 14. 0-0 Rac8 15. Rac1 Nd5 16. a3 a5 17. Bc4 Rxc5 18. Nb3 Rxc4 19. Rxc4 Bb5 20. Rxe4 Bxf1 21. Kxf1 b6 22. Rd4 Rd7 23. e4 Nf6 24. f3 Kf8 25. Rxd7 Nxd7 26. Ke2 Ke7 27. Kd3 g5 28. Nd2 Kd6 29. Nc4+ Kc5 30. Nd2 Ne5+ 31. Kc3 Nc6 32. Nb3+ Kd6 33. Kc4 Ne5+ 34. Kb5 Kc7 35. Nd2 h5 36. h3 h4 37. Nc4 Nd3 38. b4 axb4 39. axb4 Ne1 40. Ne3 Kb7 41. Kc4 Kc6 42. b5+ Kd6 43. Kc3 Kc5 44. Kd2 Nxg2 45. Nxg2 Kxb5 46. Ne3 Kc5 47. Nf5 f6 48. Ne7 Kd4 49. Nd5 Ke5 50. Nxb6 Kd4 51. Ke2 f5 52. exf5 Ke5 53. Ke3 Kxf5 54. Nc4 Kf6 55. Ke4 Ke6 56. Ne3 Kf6 57. Kd5 Kf7 58. Ke5 Kg6 59. Nd1 Kh5 60. Kf5 Kh6 61. Kg4 Kg6 62. Nf2 1-0

[Event "Maraba op 2nd"]
[Site "Maraba"]
[Date "2015.04.24"]
[Round "2"]
[White "Correa, Lorenna Martins"]
[Black "Laranjeira, Marcio Muniz"]
[Result "0-1"]
[WhiteElo "1648"]
[BlackElo "1892"]
[PlyCount "150"]
[EventDate "2015.04.24"]
[EventType "swiss"]
[EventRounds "6"]
[EventCountry "BRA"]
[SourceTitle "CBM 166 Extra"]
[Source "ChessBase"]
[SourceDate "2015.06.18"]
[SourceVersion "1"]
[SourceVersionDate "2015.06.18"]
[SourceQuality "1"]

1. d4 e6 2. c4 Nf6 3. Bg5 Be7 4. e3 c5 5. Nf3 cxd4 6. exd4 0-0 7. Bd3 h6 8. Bh4 b6 9. 0-0 Bb7 10. Nc3 d5 11. cxd5 Nxd5 12. Bxe7 Qxe7 13. Bc2 Nd7 14. Re1 N7f6 15. Rc1 Rac8 16. Bb3 Qd6 17. Ne5 a6 18. h3 Rc7 19. Ne2 Rxc1 20. Qxc1 Rc8 21. Qd1 Nd7 22. Ng3 Nxe5 23. dxe5 Qc6 24. Qf3 Nf4 25. Qxc6 Bxc6 26. f3 Nd3 27. Re2 Nc1 28. Re3 Bd5 29. Ne2 Nxa2 30. Nd4 Nb4 31. Kf2 Bxb3 32. Rxb3 a5 33. Ke3 Rc4 34. Rc3 Nd5+ 35. Kd3 Rb4 36. Rc2 g6 37. Nc6 Kf8 38. Rd2 Rb5 39. Kd4 Rc5 40. Nb8 Ke7 41. g3 Rc1 42. Ke4 Rc8 43. Na6 Ra8 44. Nc7 Nxc7 45. Rd6 b5 46. Kd4 Rd8 47. Kc5 b4 48. b3 Rb8 49. Kc6 Nd5 50. Rd7+ Ke8 51. Ra7 a4 52. Rxa4 Nc3 53. Ra5 Ne2 54. Kc5 Kd7 55. Ra7+ Ke8 56. Ra1 Nxg3 57. Rg1 Ne2 58. Rg4 Nc3 59. Rxb4 Rxb4 60. Kxb4 Nd5+ 61. Kc5 Kd7 62. b4 Kc7 63. h4 g5 64. hxg5 h5 65. Kd4 h4 66. Ke4 Nxb4 67. Kf4 Nd3+ 68. Ke4 h3 69. f4 h2 70. Kxd3 h1Q 71. Kd4 Qf3 72. Kc5 Qxf4 73. Kb5 Qxe5+ 74. Ka6 Qb2 75. Ka7 Qb7# 0-1

[Event "Goiania Goias-ch"]
[Site "Goiania"]
[Date "2015.02.28"]
[Round "4"]
[White "Froes, Leonardo Sanches"]
[Black "Correa, Lorenna Martins"]
[Result "1-0"]
[WhiteElo "1958"]
[BlackElo "1655"]
[PlyCount "91"]
[EventDate "2015.02.27"]
[EventType "swiss"]
[EventRounds "6"]
[EventCountry "BRA"]
[SourceTitle "CBM 165 Extra"]
[Source "ChessBase"]
[SourceDate "2015.04.21"]
[SourceVersion "1"]
[SourceVersionDate "2015.04.21"]
[SourceQuality "1"]

1. d4 d5 2. c4 dxc4 3. e3 Nf6 4. Bxc4 e6 5. Nf3 c5 6. 0-0 a6 7. Bb3 Nc6 8. Nc3 cxd4 9. exd4 Be7 10. Bg5 0-0 11. Re1 Nb4 12. a3 Nbd5 13. Qd3 Nxc3 14. bxc3 Nd5 15. Bc2 g6 16. Bh6 Re8 17. Ne5 Bg5 18. Bxg5 Qxg5 19. Qf3 Qf4 20. Qd3 Re7 21. Re4 Qf5 22. Qd2 Qh5 23. g3 g5 24. Bd1 Qh6 25. h4 f6 26. hxg5 fxg5 27. Rh4 Qg7 28. Rh5 h6 29. Ng4 Nf6 30. Nxh6+ Kf8 31. Rh2 Bd7 32. Ng4 Nxg4 33. Bxg4 e5 34. Bxd7 Rxd7 35. d5 Rad8 36. c4 b5 37. Qb4+ Kg8 38. Rd1 Qf7 39. Qd2 bxc4 40. Qxg5+ Qg7 41. Qc1 Qe7 42. Qxc4 Qxa3 43. Qg4+ Rg7 44. Qe6+ Rf7 45. Qxe5 Rh7 46. Qg5+ 1-0

[Event "Goiania-ch Phase 03"]
[Site "Goiania"]
[Date "2014.08.08"]
[Round "2"]
[White "Correa, Lorenna Martins"]
[Black "Dos Santos, Flavia Rodrigues"]
[Result "1/2-1/2"]
[WhiteElo "1673"]
[BlackElo "1789"]
[PlyCount "131"]
[EventDate "2014.08.08"]
[EventType "swiss"]
[EventRounds "6"]
[EventCountry "BRA"]
[SourceTitle "CBM 162 Extra"]
[Source "ChessBase"]
[SourceDate "2014.10.17"]
[SourceVersion "1"]
[SourceVersionDate "2014.10.17"]
[SourceQuality "1"]

1. d4 d5 2. c4 Nf6 3. Nc3 Nc6 4. Nf3 dxc4 5. e3 Bg4 6. Bxc4 e5 7. Be2 Bb4 8. dxe5 Qxd1+ 9. Bxd1 Ne4 10. Bd2 Nxd2 11. Nxd2 Bxd1 12. Nxd1 Nxe5 13. Ke2 Rd8 14. Nb3 c5 15. Rc1 c4 16. Nd4 0-0 17. Nc3 Rfe8 18. Rhd1 Nd3 19. Rxd3 cxd3+ 20. Kxd3 Bxc3 21. Rxc3 Rc8 22. Rb3 b6 23. Rb5 Rc5 24. Rb4 Rc1 25. Kd2 Rh1 26. Nf3 Rd8+ 27. Rd4 Rxd4+ 28. exd4 Kf8 29. h3 h6 30. Ne5 Rh2 31. Nc6 Rxg2 32. Ke3 Rh2 33. Nxa7 Rxh3+ 34. Ke4 f5+ 35. Kxf5 Rf3+ 36. Ke5 Rxf2 37. b4 h5 38. d5 h4 39. d6 h3 40. Ke6 Rf6+ 41. Kd7 Rxd6+ 42. Kxd6 h2 43. Kc6 h1Q+ 44. Kxb6 Qb1 45. b5 Qxa2 46. Kb7 g5 47. Nc6 g4 48. Kc7 g3 49. b6 g2 50. b7 Qf7+ 51. Kb6 Qxb7+ 52. Kxb7 g1Q 53. Kc7 Qc5 54. Kd7 Qd5+ 55. Kc7 Ke8 56. Nb8 Qc5+ 57. Nc6 Qc1 58. Kd6 Qh6+ 59. Kc7 Qg7+ 60. Kb6 Kd7 61. Nb8+ Kd6 62. Na6 Qb2+ 63. Ka5 Kc6 64. Nb4+ Kc5 65. Nd3+ Kc4 66. Nxb2+ 1/2-1/2